| 000 | 01716cam a22003374a 4500 | ||
|---|---|---|---|
| 001 | 13771763 | ||
| 003 | OSt | ||
| 005 | 20170518104408.0 | ||
| 008 | 041103s2005 enk 001 0 eng | ||
| 010 | _a 2004026053 | ||
| 020 | _a019926287X (alk. paper) | ||
| 040 |
_aMMU _cMMU _dMMU _beng |
||
| 042 | _apcc | ||
| 050 | 0 | 0 | _aBM561 .D38 2005 |
| 082 | 0 | 0 |
_a296/.09/03 _222 |
| 245 | 0 | 0 |
_aModern Judaism : _ban Oxford guide / _cedited by Nicholas de Lange [and] Miri Freud-Kandel. |
| 260 |
_aOxford ; _aNew York : _bOxford University Press, _c2005. |
||
| 300 |
_axi, 459 p. ; _c25 cm. |
||
| 500 | _aIncludes index. | ||
| 520 | _a"A multi-disciplinary, multi-authored guide to Jewish life and thought. This book covers the major areas of thought in Jewish Studies, including considerations of religious differences, sociological, philosophical, and gender issues, geographical diversity, inter-faith relations, and the impact of the Shoah (the Holocaust) and the modern state of Israel" --Provided by publisher. | ||
| 650 | 0 | _aJudaism. | |
| 650 | 0 | _aJews. | |
| 700 | 1 |
_aDe Lange, N. R. M. _q(Nicholas Robert Michael), _d1944- |
|
| 700 | 1 | _aFreud-Kandel, Miri. | |
| 856 | 4 | 1 |
_3Table of contents only _uhttp://www.loc.gov/catdir/toc/ecip053/2004026053.html |
| 856 | 4 | 2 |
_3Publisher description _uhttp://www.loc.gov/catdir/enhancements/fy0638/2004026053-d.html |
| 856 | 4 | 2 |
_3Contributor biographical information _uhttp://www.loc.gov/catdir/enhancements/fy0725/2004026053-b.html |
| 906 |
_a7 _bcbc _corignew _d1 _eecip _f20 _gy-gencatlg |
||
| 942 |
_2lcc _cLOAN LOAN |
||
| 999 |
_c27037 _d27037 |
||